000 01198cam a2200301 a 4500
001 4945703
003 ARRUPE
005 20130918144952.0
008 960823s1997 nyua b 001 0ceng
010 _a 96038582
020 _a0679451242
040 _aDLC
_cDLC
_dDLC
050 0 0 _aBL626.5
_b.S65 1997
082 0 0 _a179/.7
_220
100 1 _aSmith, Lacey Baldwin,
_d1922-
_9613
245 1 0 _aFools, martyrs, traitors :
_bthe story of martyrdom in the Western world /
_cLacey Baldwin Smith.
260 _aNew York :
_bAlfred A. Knopf,
_c1997.
300 _aix, 433 p. :
_bill. ;
_c24 cm.
504 _aIncludes bibliographical references (p. 375-416) and index.
650 0 _aMartyrdom
_xHistory.
_9614
650 0 _aMartyrs
_xBiography.
_9615
650 0 _aTraitors
_xBiography.
_9616
856 4 2 _3Contributor biographical information
_uhttp://www.loc.gov/catdir/bios/random057/96038582.html
856 4 2 _3Publisher description
_uhttp://www.loc.gov/catdir/description/random0410/96038582.html
906 _a7
_bcbc
_corignew
_d1
_eocip
_f19
_gy-gencatlg
942 _2lcc
_cMONOGRAPH
999 _c117893
_d117893